Normal view
MARC view
- Cortés Rentería, Luis Ricardo
Entry Nombre Personal
001 - NUMERO DE CONTROL
- campo de control: 59568
003 - IDENTIFICADOR DE NUMERO DE CONTROL
- campo de control: UPN
005 - FECHA Y HORA DE LA ÜLTIMA TRANSACCIÓN
- campo de control: 20260519112521.0
008 - DATOS DE LONGITUD FIJA
- campo de control de longitud fija: 260519|| acz||aabn | a|a d
024 ## - OTROS IDENTIFICADORES NORMALIZADOS
- Fuente: orcid
- Número normalizado o código: https://orcid.org/0000-0002-3882-0413
040 ## - FUENTE DE CATALOGACIÓN
- Agencia original de catalogación: MX-MxUPN
100 1# - ENCABEZAMIENTO - NOMBRE PERSONAL
- Nombre personal: Cortés Rentería, Luis Ricardo
370 ## - LUGAR ASOCIADO
- Place of birth: Durango, México
371 ## - DIRECCIÓN
- Electronic mail address: psiccortes@hotmail.com
372 ## - CAMPO DE ACTIVIDAD
- Field of activity: Ciencias médicas
- Field of activity: Docencia
373 ## - GRUPO ASOCIADO
- Associated group: Universidad Juárez del Estado de Durango
374 ## - OCUPACIÓN
- Occupation: Maestro en Ciencias de la Salud
- Occupation: Profesor universitario
670 ## - FUENTE EN LA QUE SE LOCALIZARON DATOS
- Cita de la fuente: En recurso en línea: Investigación educativa duranguense, Vol. 27 no. 26, (2026):
- Información localizada: página 11 (Luis Ricardo Cortés Rentería)
- Uniform Resource Identifier: https://editorialupd.mx/revistas/index.php/ined/article/view/237/291
902 ## - CATALOGADOR
- Catalogador: RGJD/190526
